The environment in anthropology: (Record no. 13824)

000 -LEADER
fixed length control field 00663nam a22001817a 4500
008 - FIXED-LENGTH DATA ELEMENTS--GENERAL INFORMATION
fixed length control field 160920b xxu||||| |||| 00| 0 eng d
020 ## - INTERNATIONAL STANDARD BOOK NUMBER
International Standard Book Number 0814736378
020 ## - INTERNATIONAL STANDARD BOOK NUMBER
International Standard Book Number 081473636X
050 ## - LIBRARY OF CONGRESS CALL NUMBER
Classification number GF 8
Item number .E 58 2005
100 ## - MAIN ENTRY--PERSONAL NAME
Personal name Haenn, Nora.
245 ## - TITLE STATEMENT
Title The environment in anthropology:
Remainder of title a reader in ecology, culture and sustainable living/
Statement of responsibility, etc. Nora Haenn and Richard R. wilk
260 ## - PUBLICATION, DISTRIBUTION, ETC. (IMPRINT)
Place of publication, distribution, etc. New York:
Name of publisher, distributor, etc. New York University press;
Date of publication, distribution, etc. 2005
300 ## - PHYSICAL DESCRIPTION
Extent ix,493p. :ill. ;
Other physical details Include bibliographical references and index
650 ## - SUBJECT ADDED ENTRY--TOPICAL TERM
Topical term or geographic name as entry element Human ecology.
650 ## - SUBJECT ADDED ENTRY--TOPICAL TERM
Topical term or geographic name as entry element Applied anthropology.
700 ## - ADDED ENTRY--PERSONAL NAME
Personal name Wilk, Richard R.
942 ## - ADDED ENTRY ELEMENTS (KOHA)
Source of classification or shelving scheme
Koha item type Hard Covered Materials
Classification part GF 8 .E58 2005
Koha issues (borrowed), all copies 1
Holdings
Withdrawn status Lost status Source of classification or shelving scheme Damaged status Not for loan Home library Current library Shelving location Date acquired Source of acquisition Total Checkouts Full call number Barcode Date last seen Date last checked out Price effective from Koha item type
          MACHAKOS UNIVERSITY LIBRARY MACHAKOS UNIVERSITY LIBRARY Open shelf 20/09/2016 Donation(BFA) 1 GF 8 .E58 2005 20717 07/06/2019 07/04/2017 20/09/2016 Hard Covered Materials
© Machakos University Library, Along The Highway, Machakos Wote Rd, Machakos, Kenya P.O. Box 136 - 90100 Machakos - Kenya

Tel: ( +254 ) 723 805829 OR Fax : 044-20353 OR Email: library@mksu.ac.ke